Quizzes
Events
Quiz Creation
Community
Videos
Private Events
Remove Ads
Sign In
Join for FREE
Feedback
Dark Mode
Quiz Categories
Sports
Geography
Music
Movies
Television
Just For Fun
Miscellaneous
History
Literature
Language
Science
Gaming
Entertainment
Religion
Holiday
For Kids
Quiz Lab
Recent
Popular Today
Quiz Kudos Today
Editor Picks
Curator Picks
Quizzes by...
Day
Popularity
Type
Ratings
Length
Year
Community
Subscriptions
Recent Discussions
Orange Saloon
Badges
Playlists
Quests
Create
Leaderboards
Showdown
Live 5
Trivia Bingo
Activity
Puzzle Library
Sporcle Events
Private Events
Virtual Trivia
Globe League
Become a Host
Pub Owners
SporcleCon
Opinionation
Our Games
Videos
Blog
Mobile Apps
Partnerships
Remove Ads and Go Orange
Feedback
Language
Vocabulary
Begins and Ends
Definition
Spanish
French
German
Italian
Chinese
Latin
Translation
Japanese
Language
Vocabulary
Begins and Ends
Definition
Spanish
French
German
Italian
Chinese
Latin
Translation
Japanese
Random Quiz
Search Sporcle
×
Editor Pick
Editor Pick
Language
Surname
Type in answers that appear in a list
Type in answers that appear in a list
Classic
Best Score? Go Orange.
Top 75 Irish Surnames Stats
Can you name the Top 75 Irish Surnames?
By
johnspartan4187
12m
75 Questions
1,701 Plays
1,701 Plays
1,701 Plays
Comments
Comments
Give Quiz Kudos
Give Quiz Kudos
-
- Ratings
hide this ad
Replay
Link that replays current quiz
Next Quiz
Link to next quiz in quiz playlist
You Got
0%
They Got
Avg Score
23%
Avg Friend Score
Upgrade to see
Score Distribution
Jump to the score distribution portion of the page
Score
0/75
Timer
12:00
0
Plays Today
#
Name
% Correct
5
Smith
66.3%
1
Murphy
58.8%
6
O'Brien
55.4%
9
O'Connor
53.9%
2
Kelly
50%
3
O'Sullivan
43.6%
11
O'Reilly
43.5%
44
O'Donnell
40.8%
10
O'Neill
39.9%
25
O'Connell
38.9%
16
Kennedy
38.2%
37
Brown
36.4%
8
Ryan
33.8%
36
Fitzgerald
33.3%
49
O'Shea
32%
61
Fitzpatrick
32%
62
O'Leary
31.7%
50
White
30.2%
4
Walsh
29.2%
12
Doyle
28.9%
13
McCarthy
28.8%
30
Collins
28.4%
7
Byrne
27.3%
19
Quinn
25.5%
26
Wilson
25.4%
18
Murray
24%
38
Martin
23.3%
23
Connolly
23.2%
14
Gallagher
22.9%
47
Boyle
22.5%
17
Lynch
21.8%
20
Moore
21.6%
41
Flynn
21.3%
57
Brady
21.2%
42
Thompson
21%
65
Donnelly
20.3%
35
O'Farrell
19%
29
Burke
18.3%
#
Name
% Correct
34
Hughes
18.2%
43
O'Callaghan
18.2%
32
Clarke
17.9%
73
Robinson
17.8%
22
O'Carroll
17.1%
69
Flanagan
17.1%
45
Duffy
17%
28
Brennan
16.6%
67
Donovan
16.2%
40
Nolan
16%
68
Burns
15.9%
27
Dunne
15.7%
56
Moran
15.1%
24
Daly
14.5%
54
Power
14%
60
Foley
13.7%
33
Johnston
13.5%
48
Healy
13.4%
31
Campbell
13.3%
52
Hayes
13.3%
59
Casey
13.2%
53
Kavanagh
13%
72
Kane
12.9%
51
Sweeney
12.6%
66
Regan
12.5%
55
McGrath
12.5%
58
Stewart
12.3%
39
Maguire
12.2%
71
Barry
12%
75
Griffin
11.7%
63
McDonnell
11.4%
74
Cunningham
11.4%
15
O'Doherty
10.5%
46
O'Mahony
10.5%
21
McLoughlin
9%
70
Mullan
7.9%
64
MacMahon
7.7%
Quiz Playlist
Details
Report
Send in Message
Add To Playlist
Classic:
Type in answers that appear in a list
Quiz Source
Last Updated: Feb 16, 2017
Editor Pick in
Language
Quiz Scoreboard
CHALLENGE
Sign Up to Join the Scoreboard
Show All
Scores
Hide
Comments
May contain spoilers
Recently Published
College Basketball Coaching Resumes
by pancakes188
Sports
9m
Billboard Blitz: Fleetwood Mac
by CooCooCachoo
Music
15s
Presidents Visiting Landmarks
by Hejman
History
7m
More to Explore
Quiz From the Vault
Featured Blog Post
Where Did the Easter Bunny Come From?
hide this ad
You Might Also Like...
Tags
irish
Surname
Top 75
Today's Top Quizzes in Language
Browse Language
hide this ad
Today's Top Quizzes in Surname
Browse Surname
Top Contributed Quizzes in Language
1
1-10 Letter F Words III
2
1-10 Letter G Words III
3
Alphabetize! : 'As' words
4
1-10 Letter H Words III
5
Order Up: Top 10 Most Native Spoken Languages
6
Celtic Nations in their Language
7
One Thing in Common: Italy
8
1-10 Letter I Words III
9
1-10 Letter J Words III
10
Weisst du, aus welchen Sprachen diese Wörter stammen?
Explore More
Trending Topics
Disney
Anime
Kpop
NBA
Marvel
Crossword
Harry Potter
Song
Pokémon
Soccer
Puzzle
NFL
The Office
WWE
Country
hide this ad
More By:
johnspartan4187
Quiz
Plays
Rating
Category
Featured
Created
Clickable Matching Pairs
3,001,857
4.15
Miscellaneous
Mar 29, 2012
Clickable Matching Countries & Capitals
9,447
3.05
Geography
Apr 15, 2012
Clickable Premier League Teams 1992-2015
5,620
4.23
Sports
Mar 29, 2012
Top 75 Irish Surnames
1,701
4.50
Language
Apr 15, 2010
County Towns of Ireland
670
4.00
Geography
Feb 25, 2010
Go to Creator's Profile
Score Distribution
Quiz Creator Spotlight
johnspartan4187
Follow
Send a Message
Quizzes Created
-
Created Quiz Play Count
-
More By This Creator
Popular Quizzes Today
1
Find the US States - No Outlines Minefield
2
Find the Countries of Europe - No Outlines Minefield
3
The Countries of the World
4
Find the US States
5
Risky Map Clicking: Biggest States A-Z
6
US States
7
Popular People in 1961
8
Movies - When Are They Set?
More Language Quizzes
15 from 20: Hello
Published
Trending Quizzes
Risky Map Clicking: Least Populous States A-Z
1-10 Letter G Words
1-10 Letter F Words
Risky Map Clicking: Next State Alphabetically
Risky Map Clicking: Biggest States A-Z
Recently Updated
Leaping Animals
pecheneg
Reality TV Shows (A-Z)
bhenderson79
Rickey Henderson's Hall of Fame Teammates
pecheneg
Champions League XIs: Arsenal
pecheneg
Quick Pick: Celebrities in WWE's Hall of Fame
aduchscher
A-Z Keypad Blitz II
pecheneg
Multiple Oscar Actors
pecheneg
Mystery Phrase Blitz: Oscar 'Best Actors'
pecheneg
F. Scott Fitzgerald Novels
LTH
Pick 3 Villains
ddd62291
Trending Topics
Kpop
Disney
Marvel
Crossword
NBA
Anime
Harry Potter
Song
The Office
Soccer
NFL
Pokémon
WWE
Country
Puzzle
Your Account Isn't Verified!
In order to create a playlist on Sporcle, you need to verify the email address you used during registration. Go to your
Sporcle Settings
to finish the process.
Report this User
Report this user for behavior that violates our
Community Guidelines
.
Details:
Send Report
Go to the Sporcle.com Mobile Site →
Comments